2026 F1 Drivers by Girlfriend/Wife - Statistics

General Stats
  • This quiz has been taken 28 times
  • The average score is 8 of 19
Answer Stats
Picture Answer % Correct
Charles Leclerc (Alexandra Saint Mleux)
91%
Oscar Piastri (Lily Zneimer)
77%
Alex Albon (Lily Muni He)
68%
Max Verstappen (Kelly Piquet)
50%
George Russell (Carmen Montero Mundt)
45%
Fernando Alonso (Melissa Jiménez)
41%
Kimi Antonelli (Eliska Bábíčková)
41%
Lando Norris (Margarida Corceiro)
41%
Carlos Sainz (Rebecca Donaldson)
36%
Valtteri Bottas (Tiffany Cromwell)
36%
Esteban Ocon (Flavy Barla)
32%
Ollie Bearman (Alicia Torriani)
32%
Gabriel Bortoleto (Isabella Bernardini)
27%
Liam Lawson (Hannah St. John)
27%
Pierre Gasly (Francisca Cerqueira Gomes)
27%
Isack Hadjar (Lauren Fitzsimmons)
23%
Nico Hulkenberg (Eglė Ruškytė)
23%
Sergio Perez (Carola Martínez)
18%
Lance Stroll (Marilou Bélanger)
14%
No matching quizzes found
Score Distribution
Percent of People with Each Score
Percentile by Number Answered
Your Score History
You have not taken this quiz